000 00712nam a2200241 u 4500
005 20250311143707.0
008 170301s2007 fr r 000 0 eng d
035 _aUPN01000216433
040 _aMX-MxUPN
_bspa
_cMX-MxUPN
049 _aUNE
050 4 _aLB3013.3
_bE9.6
245 0 0 _aExpert meeting :
_bstopping violence in schools : what works?.
260 _aParís :
_bUNESCO,
_c2007.
300 _a67 p.
440 0 _aReport
500 _a"UNESCO Headquarters, Paris, 27-29 June 2007"
500 _aTambién localizas un ejemplar en Colección General
650 4 _aViolencia escolar
_96675
650 4 _aDisciplina escolar
_91521
905 _aLibro
942 _2lcc
_cLIBRO
999 _c188533
_d188533